000 00401nam a2200169Ia 4500
005 20250428022146.0
008 240331s9999 xx 000 0 und d
020 _a9559525417
082 _bRAJ
_a891
100 _aRajakarunanayake,S
245 0 _aSandungira giniganiyi
250 _a2nd
260 _aPagoda
_bNihal Rajakarunanayage
_c1990
300 _a254 p .,
650 _aA Novel
942 _cL
999 _c5319
_d5319